000 00634nam a22002177a 4500
999 _c3082
_d3082
003 AR-CdUCM
008 190305b ||||| |||| 00| 0 spa d
040 _aMUNICIPALIDAD PROVINCIAL DEL CUSCO
_cBIBLIOTECA MUNICIPAL DEL CUSCO
082 _a869.44 /
_bQ58
100 _aQuino, Humberto
_910445
245 _aMudanza de oficio /
260 _aLa Paz ;
_c1983.
300 _a49 páginas ;
_c17 cm.
440 _aColección del Zamarro Bebedor
_910446
500 _aDonación de la familia Nieto
650 _aBolivia
_91138
650 _aPoesía de Bolivia
_910447
650 _aSiglo XX
_98
942 _2ddc
_cLIBROS
945 _araen